000 00313nam a2200121Ia 4500
008 241028s9999 xx 000 0 und d
041 _aeng
082 _a332.6 PAR
100 _aParameswaran
245 _aFundamentals Of Financial Instruments
260 _bWiley India
_aNew Delhi
_c2020
300 _a496;. P. 22 cm
999 _c43084
_d43084